BIBLIOTECA PODER JUDICIAL
Portal Judicial TDF

Libertad de expresión, discursos de odio y enseñanza del derecho desde una perspectiva crítica / (Registro nro. 5773)

000 -LEADER
fixed length control field 01071nab a22002057a 4500
003 - CONTROL NUMBER IDENTIFIER
control field OSt
005 - DATE AND TIME OF LATEST TRANSACTION
control field 20260105215919.0
008 - FIXED-LENGTH DATA ELEMENTS--GENERAL INFORMATION
fixed length control field 190514b xxu||||| |||| 00| 0 spa d
040 ## - CATALOGING SOURCE
Transcribing agency PJ
100 ## - MAIN ENTRY--PERSONAL NAME
9 (RLIN) 6688
Personal name Aguilar, Sofía Anahí
245 10 - TITLE STATEMENT
Title Libertad de expresión, discursos de odio y enseñanza del derecho desde una perspectiva crítica /
Statement of responsibility, etc Sofía Anahí Aguilar.
300 ## - PHYSICAL DESCRIPTION
Extent p. 77-84
505 ## - FORMATTED CONTENTS NOTE
Formatted contents note Sumario: I. Introducción: Estado, libertad de expresión y sociedad civil.— II. Stuart Mill y la libertad de expresión: la diversidad como fundamento.— III. Pensar el presente: medios de comunicación masiva y discursos de odio.— IV. Conclusiones: libertad de expresión, crítica y enseñanza del derecho.
505 ## - FORMATTED CONTENTS NOTE
Title Si te interesa el texto, comunicate a koha@justierradelfuego.gov.ar
650 #0 - SUBJECT ADDED ENTRY--TOPICAL TERM
9 (RLIN) 967
Topical term or geographic name as entry element DERECHO DE FAMILIA
650 #0 - SUBJECT ADDED ENTRY--TOPICAL TERM
9 (RLIN) 1260
Topical term or geographic name as entry element LIBERTAD DE EXPRESION
650 #0 - SUBJECT ADDED ENTRY--TOPICAL TERM
Topical term or geographic name as entry element TECNOLOGIA DE LA INFORMACION
9 (RLIN) 289
773 0# - HOST ITEM ENTRY
Host Biblionumber 2844
Host Itemnumber 3222
Place, publisher, and date of publication Buenos Aires : AbeledoPerrot, 1989-
Title Derecho de familia. N° 113 - Marzo 2024
International Standard Book Number 18511201
942 ## - ADDED ENTRY ELEMENTS (KOHA)
Source of classification or shelving scheme
Koha item type Analítica Artículo de Revista

No hay ítems disponibles.

12 de Octubre 789 Ushuaia - Tel:  54(02901)441571
Horario de Atención: 8.00 a 17.00 hs. 
bibliotecaush@justierradelfuego.gov.ar
koha@justierradelfuego.gov.ar
Seguinos en nuestras redes @bibliojustdf 

Con tecnología Koha